000 00222nam a2200097 a 4500
005 20140414132008.0
008 110223s19uu xx 00 eng d
050 _aVCD
_bM47
245 _aMeet the Robinsons.
999 _c113211
_d113211